000 00727nam a2200241Ia 4500
003 OSt
005 20220926000610.0
006 a|||||r|||| 00| 0
007 ta
008 220923b |||||||| |||| 00| 0 eng d
037 _cGeneral Book
040 _aRTL
_cRTL
_beng
041 _2eng
_aeng
082 _aX93.2.N7, L6
110 _aIndian Investment Centre, New Delhi
_9264112
245 0 _aProspects for ancillaries/auxiliaries to public se
260 _a New Delhi
_bIndian Investment Centre India
_c1976
300 _a106p.
_ccm.
650 _aPublic Sector Economics
700 _aIndian Investment Centre, New Delhi
_9264113
942 _hX93.2.N7, L6
_cGB
_2CC
999 _c599375
_d599375